[Event "Region Championship"]
[Site "Velikie Luki"]
[Date "2012.01.03"]
[Round "1.1"]
[White "Mandrykina, Zoya"]
[Black "Agafontseva, Sofia"]
[Result "0-1"]
[WhiteElo "1746"]
[BlackElo "1497"]
[PlyCount "67"]
[EventDate "2012.??.??"]

1. d4 d5 2. c4 c6 3. Nc3 Nf6 4. e3 Bf5 5. Nf3 h6 6. Be2 e6 7. O-O Bd6 8. b3 O-O
9. Bb2 Nbd7 10. Rc1 Nh7 11. Nd2 Ndf6 12. f3 Bc7 13. e4 dxe4 14. Ncxe4 Bf4 15.
Kh1 Nxe4 16. fxe4 Bxd2 17. Qxd2 Bxe4 18. Qf4 f5 19. Bf3 Bxf3 20. Qxf3 Ng5 21.
Qd3 Ne4 22. Rcd1 Qg5 23. Bc1 Qg6 24. Qe3 Rad8 25. Qf4 Rd7 26. Be3 Rfd8 27. Rde1
b6 28. Bg1 c5 29. dxc5 Rd2 30. g4 bxc5 31. Be3 Rxa2 32. Rg1 Ng5 33. gxf5 exf5
34. Qc7 0-1

[Event "Region Championship"]
[Site "Velikie Luki"]
[Date "2012.01.03"]
[Round "1.2"]
[White "Rusov, Valery"]
[Black "Malyshev, Roman"]
[Result "1-0"]
[WhiteElo "2223"]
[BlackElo "2144"]
[PlyCount "61"]
[EventDate "2012.??.??"]

1. e4 c5 2. c3 Nf6 3. e5 Nd5 4. d4 cxd4 5. Nf3 Nc6 6. cxd4 d6 7. Bc4 Nb6 8. Bb5
dxe5 9. Nxe5 Bd7 10. Nxd7 Qxd7 11. Nc3 e6 12. O-O Be7 13. Be3 O-O 14. Qf3 Nxd4
15. Bxd4 Qxd4 16. Qxb7 Bf6 17. Qf3 Qb4 18. Rab1 Rac8 19. Ba6 Rc5 20. Ne4 Rf5
21. Nxf6+ Rxf6 22. Qe2 Nd5 23. g3 h5 24. Qxh5 Qa4 25. Bd3 Rh6 26. Qe2 Qxa2 27.
Ra1 Qb3 28. Rxa7 Rb8 29. Rfa1 g6 30. Ra8 Kh7 31. Qe5 1-0

[Event "Region Championship"]
[Site "Velikie Luki"]
[Date "2012.01.03"]
[Round "1.3"]
[White "Zgiharev, Valeriy"]
[Black "Melkonyan, Leonard"]
[Result "1/2-1/2"]
[WhiteElo "2165"]
[BlackElo "2218"]
[PlyCount "35"]
[EventDate "2012.??.??"]

1. e4 Nf6 2. e5 Nd5 3. Nc3 Nxc3 4. dxc3 Nc6 5. Nf3 d6 6. exd6 cxd6 7. Bd3 Bg4
8. h3 Bh5 9. Be3 e6 10. g4 Bg6 11. Bxg6 hxg6 12. Qd3 Qa5 13. a3 Be7 14. O-O-O
O-O-O 15. h4 Kb8 16. Bg5 Qa4 17. Bxe7 Nxe7 18. Qd4 1/2-1/2

[Event "Region Championship"]
[Site "Velikie Luki"]
[Date "2012.01.03"]
[Round "1.5"]
[White "Polevoi, Vladimir"]
[Black "Malyshev, Grigogy"]
[Result "1-0"]
[WhiteElo "2145"]
[BlackElo "2005"]
[PlyCount "63"]
[EventDate "2012.??.??"]

1. e4 c6 2. Nc3 d5 3. Nf3 Bg4 4. h3 Bh5 5. exd5 cxd5 6. d4 Nc6 7. Bb5 e6 8. g4
Bg6 9. Ne5 Rc8 10. h4 f6 11. Nxg6 hxg6 12. Qd3 Kf7 13. h5 gxh5 14. gxh5 Nge7
15. Bxc6 Rxc6 16. Ne2 Qa5+ 17. c3 Qa6 18. Qg3 Qb6 19. Nf4 Rg8 20. Qd3 Qc7 21.
Bd2 Qd7 22. O-O-O Nf5 23. Ng6 Bd6 24. Rdg1 Ra6 25. a3 Qa4 26. Qc2 Qc4 27. Kd1
Rc8 28. h6 gxh6 29. Nh4 Nxd4 30. Qh7+ Ke8 31. Rg8+ Bf8 32. Rxf8+ 1-0

[Event "Region Championship"]
[Site "Velikie Luki"]
[Date "2012.01.04"]
[Round "2.1"]
[White "Agafontseva, Sofia"]
[Black "Malyshev, Grigogy"]
[Result "1-0"]
[WhiteElo "1497"]
[BlackElo "2005"]
[PlyCount "75"]
[EventDate "2012.??.??"]

1. Nf3 d5 2. e3 Nf6 3. b3 e6 4. Bb2 Be7 5. d4 O-O 6. Bd3 c5 7. Nbd2 Nc6 8. a3
b6 9. O-O Bb7 10. c4 Rc8 11. Qb1 h6 12. cxd5 Nxd5 13. Nc4 cxd4 14. Nxd4 Nxd4
15. Bxd4 Bf6 16. Bxf6 Nxf6 17. Rd1 Qc7 18. Nd6 Rcd8 19. Nxb7 Qxb7 20. Be2 Rc8
21. Qb2 Rc5 22. Rd2 Rfc8 23. Rad1 Qc7 24. Ba6 Rf8 25. a4 Ng4 26. g3 Qc6 27. Be2
Ne5 28. Rd6 Nf3+ 29. Bxf3 Qxf3 30. Qd2 h5 31. b4 Rf5 32. h4 g5 33. e4 Qxe4 34.
Re1 Qg4 35. Rd4 Qf3 36. hxg5 e5 37. Rde4 Re8 38. R1e3 1-0

[Event "Region Championship"]
[Site "Velikie Luki"]
[Date "2012.01.04"]
[Round "2.2"]
[White "Vlassow, Valentin"]
[Black "Polevoi, Vladimir"]
[Result "1/2-1/2"]
[WhiteElo "2341"]
[BlackElo "2145"]
[PlyCount "89"]
[EventDate "2012.??.??"]

1. e4 d6 2. d4 Nf6 3. Nc3 Nbd7 4. g4 Nb6 5. g5 Nfd7 6. a4 a5 7. h4 e5 8. Nge2
Be7 9. Ng3 O-O 10. Be3 d5 11. exd5 Bb4 12. Bg2 f5 13. gxf6 Nxf6 14. dxe5 Nfxd5
15. Bxb6 Nxb6 16. Qxd8 Rxd8 17. O-O c6 18. Nce4 Nc4 19. f4 Ne3 20. Rf2 Nf5 21.
Nxf5 Bxf5 22. Kh2 Be7 23. h5 Rd4 24. Ng3 Bg4 25. Bh3 Bxh3 26. Kxh3 Rf8 27. Kg4
g6 28. c3 Rd5 29. Rh1 Rxe5 30. hxg6 hxg6 31. Rfh2 Re6 32. Rh8+ Kf7 33. f5 gxf5+
34. Nxf5 Rg6+ 35. Kf3 Ke8 36. Rxf8+ Bxf8 37. Rh7 Rf6 38. Ke4 Rf7 39. Rxf7 Kxf7
40. Ke5 Ke8 41. Nd6+ Bxd6+ 42. Kxd6 Kd8 43. b3 Kc8 44. b4 axb4 45. cxb4 1/2-1/2

[Event "Region Championship"]
[Site "Velikie Luki"]
[Date "2012.01.04"]
[Round "2.4"]
[White "Malyshev, Roman"]
[Black "Zgiharev, Valeriy"]
[Result "1-0"]
[WhiteElo "2144"]
[BlackElo "2165"]
[PlyCount "64"]
[EventDate "2012.??.??"]

1. e4 e6 2. d4 d5 3. e5 c5 4. c3 Qb6 5. Nf3 Nc6 6. Be2 cxd4 7. cxd4 Nh6 8. Bxh6
gxh6 9. Qd2 Bd7 10. O-O Bg7 11. Na3 f6 12. exf6 Bxf6 13. Qxh6 Ke7 14. Nc2 Rag8
15. Qd2 Rg7 16. b4 Rhg8 17. g3 Kd8 18. a4 h5 19. a5 Qc7 20. b5 Ne7 21. b6 axb6
22. axb6 Qb8 23. Ra7 h4 24. Rfa1 Bc8 25. Qc3 hxg3 26. fxg3 Nc6 27. Kf1 Rxg3 28.
Ra8 Qf4 29. hxg3 Rxg3 30. Nb4 Bxd4 31. Nxc6+ bxc6 32. Rxc8+ Ke7 1-0

[Event "Region Championship"]
[Site "Velikie Luki"]
[Date "2012.01.04"]
[Round "2.5"]
[White "Mandrykina, Zoya"]
[Black "Rusov, Valery"]
[Result "1-0"]
[WhiteElo "1746"]
[BlackElo "2223"]
[PlyCount "104"]
[EventDate "2012.??.??"]

1. d4 d5 2. c4 dxc4 3. Nc3 a6 4. a4 Nc6 5. e3 Na5 6. Nf3 Nf6 7. Ne5 Be6 8. Qc2
c5 9. dxc5 Qc7 10. Nf3 Qxc5 11. Nd4 Bd7 12. Bd2 e5 13. Ne4 Nxe4 14. Qxe4 Bd6
15. Rc1 Qb6 16. Bc3 O-O 17. Nf5 Bxf5 18. Qxf5 Rfe8 19. Be2 Bb4 20. O-O Bxc3 21.
bxc3 Rad8 22. Rb1 Qc7 23. Bf3 Nb3 24. Rb2 Nc5 25. Rb4 g6 26. Qg5 Ne6 27. Qh4 b5
28. axb5 axb5 29. Rxb5 Rb8 30. Rfb1 Rxb5 31. Rxb5 Rd8 32. g3 Rd2 33. Qf6 Qa7
34. Rb7 Qa1+ 35. Kg2 Nd8 36. Re7 Qa4 37. Qxe5 Ne6 38. Bd5 Qb5 39. Rxe6 Qxd5+
40. Qxd5 Rxd5 41. Rc6 Rd2 42. Rxc4 Kf8 43. Rd4 Rc2 44. c4 Ke7 45. h4 h5 46. g4
hxg4 47. Rxg4 Ke6 48. Kg3 Rc1 49. Kf3 Rc2 50. Rf4 Rc1 51. Ke2 Rc3 52. Kd2 Ra3
1-0

[Event "Region Championship"]
[Site "Velikie Luki"]
[Date "2012.01.05"]
[Round "3.1"]
[White "Rusov, Valery"]
[Black "Agafontseva, Sofia"]
[Result "1-0"]
[WhiteElo "2223"]
[BlackElo "1497"]
[PlyCount "109"]
[EventDate "2012.??.??"]

1. e4 c5 2. Nf3 Nc6 3. d4 cxd4 4. Nxd4 Nf6 5. Nc3 d6 6. Bc4 e6 7. Be3 Be7 8.
Qe2 O-O 9. O-O-O a6 10. Bb3 Na5 11. e5 Ne8 12. f4 Qc7 13. Nf3 b5 14. Kb1 Bb7
15. Bd4 Qc6 16. Rhf1 Rc8 17. g4 Nc4 18. Bxc4 Qxc4 19. Rd3 a5 20. Nd2 Qc6 21.
Nb3 Bd8 22. exd6 Nxd6 23. Bxg7 Kxg7 24. Qe5+ Bf6 25. Qxd6 Qg2 26. Rc1 Rfd8 27.
Qb6 Rxd3 28. cxd3 b4 29. g5 Bxc3 30. bxc3 a4 31. Na5 b3 32. axb3 a3 33. Rc2
Qf1+ 34. Ka2 Qxd3 35. Qf2 Be4 36. Rc1 Rxc3 37. Rxc3 Qxc3 38. Nc4 Bc2 39. Qb6
Bd3 40. Qa5 Qc2+ 41. Kxa3 Bxc4 42. Qe5+ Kg8 $11 43. bxc4 Qxc4 44. h4 Qd3+ 45.
Kb4 Qd2+ 46. Kb5 Qd3+ 47. Kc6 Qa6+ 48. Kd7 Qb7+ 49. Qc7 Qb5+ 50. Ke7 Qb4+ 51.
Qd6 Qb7+ 52. Ke8 Qc8+ 53. Qd8 Qc6+ 54. Ke7+ Kg7 55. Qf8+ 1-0

[Event "Region Championship"]
[Site "Velikie Luki"]
[Date "2012.01.05"]
[Round "3.2"]
[White "Zgiharev, Valeriy"]
[Black "Mandrykina, Zoya"]
[Result "1-0"]
[WhiteElo "2165"]
[BlackElo "1746"]
[PlyCount "43"]
[EventDate "2012.??.??"]

1. d4 Nf6 2. Bg5 d6 3. Nc3 Nbd7 4. Nf3 c6 5. Qd2 Qc7 6. e4 e5 7. a4 Be7 8. Bc4
O-O 9. O-O Nb6 10. Be2 Be6 11. h3 Bc4 12. a5 Bxe2 13. axb6 Qxb6 14. Qxe2 exd4
15. Na4 Qc7 16. Nxd4 Rfe8 17. Nc3 b5 18. Qf3 Nd7 19. Bxe7 Rxe7 20. Nf5 Re6 21.
Qg3 Rg6 22. Ne7+ 1-0

[Event "Region Championship"]
[Site "Velikie Luki"]
[Date "2012.01.05"]
[Round "3.4"]
[White "Polevoi, Vladimir"]
[Black "Melkonyan, Leonard"]
[Result "1-0"]
[WhiteElo "2145"]
[BlackElo "2218"]
[PlyCount "69"]
[EventDate "2012.??.??"]

1. e4 Nf6 2. Nc3 d5 3. exd5 Nxd5 4. Bc4 Nb6 5. Bb3 Nc6 6. Qf3 e6 7. Nge2 a5 8.
a4 Bd6 9. d4 O-O 10. Ne4 Be7 11. c3 e5 12. d5 Nb8 13. Be3 N8d7 14. O-O-O Kh8
15. d6 cxd6 16. Nxd6 Bxd6 17. Rxd6 Qc7 18. Rhd1 Nc5 19. Bxc5 Qxc5 20. Qe3 Qxe3+
21. fxe3 Ra6 22. Rd8 Kg8 23. Bxf7+ Kxf7 24. Rf1+ Ke7 25. Rdxf8 Be6 26. Rb8 Bd5
27. Ng3 g6 28. e4 Bc6 29. Rh8 h5 30. Rh7+ Kd6 31. Rf6+ Kc5 32. b3 Ra8 33. Rxg6
Rf8 34. Rxh5 Nd7 35. Rf5 1-0

[Event "Region Championship"]
[Site "Velikie Luki"]
[Date "2012.01.05"]
[Round "3.5"]
[White "Malyshev, Grigogy"]
[Black "Vlassow, Valentin"]
[Result "0-1"]
[WhiteElo "2005"]
[BlackElo "2341"]
[PlyCount "46"]
[EventDate "2012.??.??"]

1. d4 d5 2. c4 dxc4 3. Nf3 Nf6 4. e3 Bg4 5. Bxc4 e6 6. Nc3 Nc6 7. O-O Bd6 8.
Be2 O-O 9. b3 a6 10. Bb2 Qe7 11. Rc1 Rad8 12. Rc2 e5 13. Rd2 Bxf3 14. Bxf3 exd4
15. exd4 Bf4 16. Ne2 Bxd2 17. Qxd2 Nd5 18. a3 Rfe8 19. Rc1 Nf6 20. Ng3 Qe6 21.
Qc3 Nxd4 22. b4 c6 23. h3 Qb3 0-1

[Event "Region Championship"]
[Site "Velikie Luki"]
[Date "2012.01.06"]
[Round "4.1"]
[White "Agafontseva, Sofia"]
[Black "Vlassow, Valentin"]
[Result "0-1"]
[WhiteElo "1497"]
[BlackElo "2341"]
[PlyCount "92"]
[EventDate "2012.??.??"]

1. Nf3 d6 2. d4 Bg4 3. e3 Nd7 4. Be2 Ngf6 5. Nbd2 c5 6. b3 cxd4 7. exd4 e6 8.
Bb2 Be7 9. O-O O-O 10. c4 b6 11. Bd3 Rc8 12. Re1 d5 13. Qb1 Bb4 14. Rf1 Bh5 15.
a3 Bxd2 16. Nxd2 Qc7 17. f4 Bg6 18. Bxg6 hxg6 19. Qe1 Rfd8 20. Rc1 dxc4 21.
Nxc4 Qc6 22. Ne5 Qb5 23. b4 Nd5 24. Qf2 N7f6 25. Qf3 a5 26. Qd3 Qxd3 27. Nxd3
axb4 28. Nxb4 Nxb4 29. axb4 Nd5 30. b5 Rxc1 31. Bxc1 Rc8 32. Bb2 Rc2 33. Ba1
Ne3 34. Rb1 Rxg2+ 35. Kh1 Rc2 36. h3 Nd5 37. Rf1 Kf8 38. Kg1 Ke7 39. Kh1 Kf6
40. Kg1 Kf5 41. Kh1 Ke4 42. h4 Kd3 43. Kg1 Kc4 44. Kh1 Kxb5 45. Kg1 Kc4 46. Kh1
b5 0-1

[Event "Region Championship"]
[Site "Velikie Luki"]
[Date "2012.01.05"]
[Round "4.2"]
[White "Melkonyan, Leonard"]
[Black "Malyshev, Grigogy"]
[Result "0-1"]
[WhiteElo "2218"]
[BlackElo "2005"]
[PlyCount "76"]
[EventDate "2012.??.??"]

1. c4 e6 2. Nf3 d5 3. d4 c6 4. Nc3 Nf6 5. Bg5 Be7 6. e3 Nbd7 7. Qc2 O-O 8. cxd5
exd5 9. Bd3 Re8 10. h3 Nf8 11. O-O-O Be6 12. Kb1 b5 13. Ne5 Qb6 14. f4 Rec8 15.
f5 Bd7 16. g4 a5 17. h4 a4 18. Bxf6 Bxf6 19. Nxd7 Nxd7 20. g5 Bd8 21. f6 g6 22.
h5 Nf8 23. hxg6 fxg6 24. Bxg6 hxg6 25. Qh2 Kf7 26. Qh8 Qa7 27. Rdf1 Ba5 28. Ne2
Ke6 29. f7 Qe7 30. Rf6+ Kd7 31. Qh3+ Kc7 32. Nf4 Qe4+ 33. Ka1 Kb7 34. Ne6 Nxe6
35. Rxe6 Qc2 36. a3 b4 37. Re7+ Rc7 38. Rxc7+ Bxc7 0-1

[Event "Region Championship"]
[Site "Velikie Luki"]
[Date "2012.01.05"]
[Round "4.3"]
[White "Malyshev, Roman"]
[Black "Polevoi, Vladimir"]
[Result "1-0"]
[WhiteElo "2144"]
[BlackElo "2145"]
[PlyCount "113"]
[EventDate "2012.??.??"]

1. d4 Nf6 2. c4 e6 3. Nf3 b6 4. g3 Bb7 5. Bg2 Be7 6. O-O O-O 7. Nc3 d5 8. Ne5
Nbd7 9. cxd5 Nxe5 10. d6 Nc6 11. dxe7 Qxe7 12. e4 Rfd8 13. e5 Ne8 14. Be3 Na5
15. Bxb7 Nxb7 16. Qf3 c5 17. Rfd1 cxd4 18. Rxd4 Nc5 19. Rad1 Qb7 20. Qxb7 Nxb7
21. Rd7 Rxd7 22. Rxd7 Na5 23. Ne4 Nc6 24. f4 h6 25. Kf1 Nb4 26. Nc3 f6 27. a3
Nc6 28. exf6 Nxf6 29. Rc7 Nd8 30. Bd4 Ne8 31. Rd7 Nc6 32. Bf2 e5 33. Nb5 exf4
34. gxf4 Nf6 35. Rc7 Na5 36. b4 Nb3 37. Nxa7 Nd5 38. Rc8+ Rxc8 39. Nxc8 Nd2+
40. Ke1 Nc4 41. a4 Nxb4 42. Nxb6 Nd3+ 43. Kf1 Na5 44. Be3 Kf7 45. Ke2 Nb2 46.
Bd2 Nbc4 47. Nxc4 Nxc4 48. a5 Ke6 49. a6 Nb6 50. Be3 Na8 51. Kd3 h5 52. Ke4 g6
53. a7 Nc7 54. Bb6 Na8 55. Ba5 Kf6 56. Kd5 Kf5 57. Kc6 1-0

[Event "Region Championship"]
[Site "Velikie Luki"]
[Date "2012.01.05"]
[Round "4.5"]
[White "Rusov, Valery"]
[Black "Zgiharev, Valeriy"]
[Result "1-0"]
[WhiteElo "2223"]
[BlackElo "2165"]
[PlyCount "107"]
[EventDate "2012.??.??"]

1. e4 e6 2. d4 d5 3. Nd2 Nc6 4. Ngf3 Nf6 5. e5 Nd7 6. Nb3 a5 7. a4 f6 8. Bb5
Be7 9. Bf4 O-O 10. Qd2 fxe5 11. dxe5 Nc5 12. Nxc5 Bxc5 13. O-O Bd7 14. c3 Ne7
15. Bd3 Qe8 16. Be3 Bxe3 17. Qxe3 b6 18. Ng5 h6 19. Bh7+ Kh8 20. Bc2 c5 21. f4
Rd8 22. Qd3 g6 23. Qh3 Ng8 24. g3 Kg7 25. Nf3 b5 26. Nh4 Ne7 27. axb5 Bxb5 28.
Rfe1 Bd7 29. Rxa5 Rb8 30. b3 c4 31. bxc4 Rb2 32. Re2 Qd8 33. Ra6 Qc8 34. Rd6
Qc5+ 35. Kf1 Rd8 36. Qg4 Rxc2 37. Rxc2 Qxc4+ 38. Qe2 Qc7 39. Kg2 Ra8 40. Ra2
Rc8 41. Qf2 Nc6 42. Qc5 Qb7 43. Qf2 d4 44. Kh3 dxc3 45. Qc2 Ne7 46. Rda6 Be8
47. Ra7 Qb4 48. R2a3 Kf8 49. Rb3 Qc4 50. Rbb7 Qf1+ 51. Kg4 Qc4 52. Kh3 Qf1+ 53.
Ng2 Bc6 54. Rxe7 1-0

[Event "Region Championship"]
[Site "Velikie Luki"]
[Date "2012.01.06"]
[Round "5.1"]
[White "Zgiharev, Valeriy"]
[Black "Agafontseva, Sofia"]
[Result "0-1"]
[WhiteElo "2165"]
[BlackElo "1497"]
[PlyCount "90"]
[EventDate "2012.??.??"]

1. d4 d5 2. c4 c6 3. Nf3 Nf6 4. Nc3 dxc4 5. a4 Bf5 6. e3 h6 7. Bxc4 e6 8. O-O
Be7 9. Re1 O-O 10. h3 Bb4 11. Qb3 a5 12. Ne5 Qc7 13. Nd3 Bxc3 14. bxc3 Nbd7 15.
Ba3 Rfe8 16. Nc5 Nxc5 17. Bxc5 Ne4 18. Bb6 Qe7 19. Ra2 Qg5 20. Kf1 Nd6 21. Be2
Be4 22. f3 Qxe3 23. Bc4 Bd3+ 24. Bxd3 Qxd3+ 25. Kf2 Qc4 26. Qc2 f6 27. Bc7 Qd5
28. Rb2 Nc4 29. Rxb7 c5 30. Qe4 cxd4 31. cxd4 Qg5 32. Re2 Rac8 33. Qc6 Qh4+ 34.
Kf1 Qxd4 35. Re4 Nd2+ 36. Ke2 Nxe4 37. fxe4 Kh7 38. Qb6 Qxe4+ 39. Kf2 Qc2+ 40.
Kg1 Re7 41. Bf4 Rxb7 42. Qxb7 Rc4 43. Bg3 Qd3 44. Kh2 Rxa4 45. Qc6 Qe4 0-1

[Event "Region Championship"]
[Site "Velikie Luki"]
[Date "2012.01.06"]
[Round "5.3"]
[White "Polevoi, Vladimir"]
[Black "Mandrykina, Zoya"]
[Result "1-0"]
[WhiteElo "2145"]
[BlackElo "1746"]
[PlyCount "53"]
[EventDate "2012.??.??"]

1. d4 Nf6 2. Nd2 d6 3. e4 e5 4. c3 Nbd7 5. Ngf3 Be7 6. Bd3 c6 7. O-O O-O 8. Re1
Qc7 9. Nf1 Re8 10. Bg5 Nf8 11. h3 Ng6 12. Bc2 h6 13. Be3 Be6 14. Ng3 Bd8 15.
Qd2 Be7 16. b3 b5 17. a4 a5 18. Nf5 Bf8 19. g4 Rad8 20. axb5 cxb5 21. d5 Bd7
22. Bd3 Bc8 23. c4 bxc4 24. Rec1 Ba6 25. bxc4 Nd7 26. Rxa5 Nc5 27. Bxc5 1-0

[Event "Region Championship"]
[Site "Velikie Luki"]
[Date "2012.01.06"]
[Round "5.4"]
[White "Malyshev, Grigogy"]
[Black "Malyshev, Roman"]
[Result "1/2-1/2"]
[WhiteElo "2005"]
[BlackElo "2144"]
[PlyCount "91"]
[EventDate "2012.??.??"]

1. d4 d5 2. c4 c6 3. Nf3 Nf6 4. Nc3 dxc4 5. a4 Bf5 6. e3 e6 7. Bxc4 Bb4 8. O-O
O-O 9. Qe2 Bg6 10. Ne5 Nbd7 11. Nxg6 hxg6 12. Rd1 Qe7 13. e4 e5 14. d5 Rfd8 15.
dxc6 bxc6 16. Bg5 a5 17. f3 Nc5 18. Be3 Ne6 19. Rac1 Nd4 20. Qf2 Nd7 21. Ne2
Nb6 22. Nxd4 exd4 23. Rxd4 Nxa4 24. Qc2 Rxd4 25. Bxd4 c5 26. Be3 Nb6 27. Ba2
Nd7 28. Qd3 Nf6 29. Qb5 Rc8 30. h3 Qe5 31. Qb7 Rc7 32. Qb8+ Kh7 33. Bxf7 Bd2
34. Bxd2 Qd4+ 35. Kh2 Qxd2 36. Qxc7 Qxc1 37. Qg3 g5 38. e5 Ng8 39. Qg4 Qe3 40.
Qf5+ Kh8 41. Qe6 Qf4+ 42. Kg1 Qe3+ 43. Kh2 Qf4+ 44. Kg1 Qd4+ 45. Kh2 Qd8 46.
Qg6 1/2-1/2

[Event "Region Championship"]
[Site "Velikie Luki"]
[Date "2012.01.06"]
[Round "5.5"]
[White "Vlassow, Valentin"]
[Black "Melkonyan, Leonard"]
[Result "1-0"]
[WhiteElo "2341"]
[BlackElo "2218"]
[PlyCount "110"]
[EventDate "2012.??.??"]

1. e4 c5 2. Nf3 Nf6 3. e5 Nd5 4. d4 cxd4 5. Qxd4 e6 6. c3 Nc6 7. Qe4 d6 8. Nbd2
dxe5 9. Nxe5 Bd6 10. Nxc6 bxc6 11. Nc4 O-O 12. Nxd6 Qxd6 13. Bc4 e5 14. O-O Be6
15. Re1 Nf6 16. Qh4 Bxc4 17. Qxc4 Rfe8 18. Be3 Nd5 19. Qc5 Qe6 20. c4 Nxe3 21.
Rxe3 f6 22. Rd1 Rad8 23. Red3 Rd4 24. Rxd4 exd4 25. h3 Qe2 26. Qxd4 Re4 27.
Qd8+ Re8 28. Qd7 Re7 29. Qd6 Kf7 30. Qd4 a5 31. Rd3 Qe1+ 32. Kh2 Qe5+ 33. Qxe5
Rxe5 34. Re3 Rc5 35. b3 a4 36. Kg3 axb3 37. axb3 Ra5 38. b4 Ra4 39. Rb3 Ke6 40.
b5 Kd6 41. b6 Ra8 42. Rd3+ Kc5 43. b7 Rb8 44. Rd7 Kxc4 45. Rxg7 h5 46. Kh4 c5
47. Kxh5 Kd3 48. Rd7+ Ke2 49. Rc7 Kxf2 50. g4 Kg3 51. Kg6 Kxh3 52. Kxf6 Kxg4
53. Ke5 Kg5 54. Kd5 c4 55. Kxc4 Kg6 1-0

[Event "Region Championship"]
[Site "Velikie Luki"]
[Date "2012.01.07"]
[Round "6.1"]
[White "Agafontseva, Sofia"]
[Black "Melkonyan, Leonard"]
[Result "0-1"]
[WhiteElo "1497"]
[BlackElo "2218"]
[PlyCount "80"]
[EventDate "2012.??.??"]

1. Nf3 Nf6 2. e3 c5 3. b3 g6 4. Bb2 Bg7 5. d4 O-O 6. Nbd2 b6 7. Bd3 Bb7 8. O-O
d6 9. c4 Nbd7 10. Qe2 Qc7 11. e4 Nh5 12. Qe3 Rae8 13. Rfe1 e5 14. dxc5 Nxc5 15.
Bc2 f5 16. exf5 gxf5 17. Qg5 Qf7 18. Nh4 Be4 19. Nxe4 fxe4 20. Qe3 Qf6 21. b4
Nd3 22. Bxd3 exd3 23. Nf3 Nf4 24. Qe4 Bh6 25. Kh1 Qg7 26. Ng1 Kh8 27. g3 d2 28.
Red1 Ne6 29. f4 Nxf4 30. gxf4 Rxf4 31. Qg2 Qxg2+ 32. Kxg2 Rg8+ 33. Kh1 Rxc4 34.
b5 Rg6 35. Nf3 Rc2 36. Ba3 Rc3 37. Bxd6 Rxd6 38. Nxe5 Rd8 39. Kg1 Rc1 40. Nf3
Rxa1 0-1

[Event "Region Championship"]
[Site "Velikie Luki"]
[Date "2012.01.07"]
[Round "6.2"]
[White "Mandrykina, Zoya"]
[Black "Malyshev, Grigogy"]
[Result "0-1"]
[WhiteElo "1746"]
[BlackElo "2005"]
[PlyCount "96"]
[EventDate "2012.??.??"]

1. d4 d5 2. c4 c6 3. e3 Nf6 4. Nc3 e6 5. Qc2 Nbd7 6. Nf3 Bd6 7. b3 O-O 8. Bd3
b6 9. Bb2 Bb7 10. O-O Rc8 11. e4 dxe4 12. Nxe4 Nxe4 13. Bxe4 Nf6 14. Bd3 h6 15.
Rad1 Qe7 16. Rfe1 Rfd8 17. a3 a5 18. Qc1 Bb8 19. Qa1 Ne8 20. Bc2 Qc7 21. Re5 c5
22. Be4 Bxe4 23. Rxe4 Nf6 24. Ree1 cxd4 25. Bxd4 Ne8 26. Qc1 Qb7 27. Qe3 Bc7
28. Rd2 Qb8 29. Qc3 b5 30. c5 b4 31. axb4 axb4 32. Qb2 Bf4 33. Rde2 Rd5 34. Ne5
Qb5 35. Nc4 Rcd8 36. Re4 Bg5 37. Nb6 Rxd4 38. Rxd4 Bf6 39. Red1 Rxd4 40. Rxd4
Qxc5 41. Rc4 Qxb6 42. Qc2 Nd6 43. Rc6 Qd4 44. h3 Be5 45. g3 Bxg3 46. Ra6 g6 47.
Ra8+ Kg7 48. Rd8 Be5 0-1

[Event "Region Championship"]
[Site "Velikie Luki"]
[Date "2012.01.07"]
[Round "6.3"]
[White "Rusov, Valery"]
[Black "Polevoi, Vladimir"]
[Result "1-0"]
[WhiteElo "2223"]
[BlackElo "2145"]
[PlyCount "145"]
[EventDate "2012.??.??"]

1. e4 d6 2. d4 Nf6 3. Nc3 Nbd7 4. Nf3 e5 5. Bc4 Be7 6. O-O O-O 7. Re1 c6 8. a4
Nb6 9. Bf1 Bg4 10. dxe5 Bxf3 11. Qxf3 dxe5 12. Bg5 Qc7 13. a5 Nbd7 14. Bc4 Bb4
15. Re3 Bxa5 16. Qf5 g6 17. Bxf6 Bxc3 18. Rxc3 Qd6 19. Rf3 b5 20. Bb3 Rfd8 21.
Bxf7+ Kxf7 22. Bxe5+ gxf5 23. Bxd6 Ke6 24. Bc7 fxe4 25. Rh3 Rdc8 26. Rh6+ Nf6
27. Ba5 Kf5 28. Bc3 Nd5 29. Rxh7 Nxc3 30. bxc3 a5 31. Rh5+ Kf6 32. Rh4 Kf5 33.
g3 Re8 34. Re1 a4 35. Rf4+ Kg6 36. Rfxe4 Rxe4 37. Rxe4 Kf5 38. Re1 a3 39. h4 a2
40. Ra1 Ke4 41. Kg2 Kd5 42. h5 Kc4 43. g4 Kxc3 44. g5 Kxc2 45. g6 b4 46. Rxa2+
Rxa2 47. g7 Ra8 48. h6 Rg8 49. Kh2 b3 50. h7 Rxg7 51. h8=Q b2 52. Qxg7 b1=Q 53.
Qg6+ Kb2 54. Qxc6 Qh7+ 55. Kg2 Qf5 56. Qf3 Qg5+ 57. Qg3 Qd5+ 58. f3 Kc3 59.
Qg7+ Kc4 60. Qc7+ Kd4 61. Qf4+ Kc5 62. Kg3 Qg8+ 63. Kh4 Qh7+ 64. Kg4 Qh1 65.
Qe5+ Kc6 66. f4 Kd7 67. Kg5 Qh2 68. Kg6 Qg2+ 69. Qg5 Qc6+ 70. Qf6 Qg2+ 71. Kh7
Qh3+ 72. Kg8 Qg2+ 73. Qg7+ 1-0

[Event "Region Championship"]
[Site "Velikie Luki"]
[Date "2012.01.07"]
[Round "6.4"]
[White "Malyshev, Roman"]
[Black "Vlassow, Valentin"]
[Result "0-1"]
[WhiteElo "2144"]
[BlackElo "2341"]
[PlyCount "58"]
[EventDate "2012.??.??"]

1. d4 d5 2. c4 dxc4 3. e4 b5 4. a4 c6 5. b3 e5 6. d5 Nf6 7. bxc4 Nxe4 8. Bd3
Bb4+ 9. Kf1 Nc5 10. Be3 Nxd3 11. Qxd3 bxc4 12. Qc2 cxd5 13. Nf3 Nc6 14. Na3 O-O
15. Ng5 g6 16. h4 d4 17. Nxh7 dxe3 18. fxe3 Bf5 19. Qf2 Qd3+ 20. Kg1 Kxh7 21.
h5 g5 22. Nxc4 Be6 23. Nb2 Qe4 24. Rc1 Rad8 25. Rc2 Be1 26. Qe2 Bg4 27. Qc4
Qxe3+ 28. Kf1 Bg3 29. Qc3 Be2+ 0-1

[Event "Region Championship"]
[Site "Velikie Luki"]
[Date "2012.01.08"]
[Round "8.1"]
[White "Agafontseva, Sofia"]
[Black "Malyshev, Roman"]
[Result "1/2-1/2"]
[WhiteElo "1497"]
[BlackElo "2144"]
[PlyCount "77"]
[EventDate "2012.??.??"]

1. Nf3 Nf6 2. e3 g6 3. b3 Bg7 4. Bb2 O-O 5. d4 c5 6. Nbd2 d5 7. Bd3 Nc6 8. O-O
cxd4 9. exd4 Nb4 10. Ne5 Nxd3 11. Nxd3 Bf5 12. Ne5 Rc8 13. c4 dxc4 14. bxc4 Nd7
15. Re1 Nxe5 16. dxe5 Qa5 17. Nb3 Qb4 18. c5 Rfd8 19. Qe2 a5 20. Rac1 Bd3 21.
Qf3 a4 22. Bc3 Qa3 23. Ba5 axb3 24. Bxd8 Rxd8 25. Qxb7 b2 26. Rcd1 b1=Q 27.
Qxb1 Bxb1 28. Rxd8+ Bf8 29. Rxb1 Kg7 30. h3 e6 31. c6 Qxa2 32. c7 Qxb1+ 33. Kh2
Bc5 34. c8=Q Bxf2 35. Rg8+ Kh6 36. Qf8+ Kg5 37. Qe7+ Kh6 38. Qf8+ Kg5 39. Qe7+
1/2-1/2

[Event "Region Championship"]
[Site "Velikie Luki"]
[Date "2012.01.08"]
[Round "8.2"]
[White "Mandrykina, Zoya"]
[Black "Melkonyan, Leonard"]
[Result "0-1"]
[WhiteElo "1746"]
[BlackElo "2218"]
[PlyCount "62"]
[EventDate "2012.??.??"]

1. d4 Nf6 2. c4 c5 3. d5 e5 4. Nc3 d6 5. e4 Be7 6. Nge2 O-O 7. g3 a6 8. Bg2
Nbd7 9. O-O Rb8 10. a4 Ne8 11. Be3 Bg5 12. f4 exf4 13. gxf4 Bf6 14. Re1 Nc7 15.
Qd3 g6 16. Bf2 Bg7 17. Bg3 h5 18. h3 h4 19. Bh2 g5 20. Kh1 gxf4 21. Nxf4 Be5
22. Bf3 Nf6 23. Be2 Nce8 24. Rg1+ Kh8 25. Qd2 Qe7 26. Nh5 Nh7 27. Qd3 Bxh2 28.
Kxh2 Qe5+ 29. Kh1 f5 30. Bf3 f4 31. Bg4 Bxg4 0-1

[Event "Region Championship"]
[Site "Velikie Luki"]
[Date "2012.01.08"]
[Round "8.3"]
[White "Rusov, Valery"]
[Black "Vlassow, Valentin"]
[Result "1/2-1/2"]
[WhiteElo "2223"]
[BlackElo "2341"]
[PlyCount "24"]
[EventDate "2012.??.??"]

1. e4 d6 2. d4 Nf6 3. Nc3 Nbd7 4. Nf3 e5 5. Bc4 Be7 6. O-O O-O 7. Re1 c6 8. a4
a5 9. Ba2 exd4 10. Qxd4 Nc5 11. Bf4 Be6 12. Bxe6 Nxe6 1/2-1/2